| 000 | 00458nam a2200193Ia 4500 | ||
|---|---|---|---|
| 005 | 20240823053504.0 | ||
| 008 | 240823s9999||||xx |||||||||||||| ||und|| | ||
| 020 | _a978-93-81052-68-6 | ||
| 041 | _aENGLISH | ||
| 082 | _A822.33 Q2 | ||
| 100 | _aRita Sachdev | ||
| 245 | 2 | _aA Critical Study of Shakespeares Tragedy | |
| 250 | _a1st | ||
| 260 |
_c2012 _bWisdom |
||
| 500 | _aYES | ||
| 650 |
_aCritical Study _bGeneral |
||
| 942 | _cBK | ||
| 999 |
_c224269 _d224269 |
||